Ameliyat öncesi-ameliyat-ameliyat sonrası / (Record no. 200454551)
[ view plain ]
| 000 -LEADER | |
|---|---|
| fixed length control field | 00802cam a2200265 i 4500 |
| 003 - CONTROL NUMBER IDENTIFIER | |
| control field | TR-AnTOB |
| 005 - DATE AND TIME OF LATEST TRANSACTION | |
| control field | 20230928112554.0 |
| 007 - PHYSICAL DESCRIPTION FIXED FIELD--GENERAL INFORMATION | |
| fixed length control field | t |
| 008 - FIXED-LENGTH DATA ELEMENTS--GENERAL INFORMATION | |
| fixed length control field | 120113s1969$$$$tu $r01 $$$$ tur u |
| 040 ## - CATALOGING SOURCE | |
| Original cataloging agency | TR-AnTOB |
| Language of cataloging | tur |
| Description conventions | rda |
| Transcribing agency | TR-AnTOB |
| 041 0# - LANGUAGE CODE | |
| Language code of text/sound track or separate title | Türkçe |
| 060 ## - NATIONAL LIBRARY OF MEDICINE CALL NUMBER | |
| Classification number | WO 500 |
| 096 ## - LOCALLY ASSIGNED NLM-TYPE CALL NUMBER (OCLC) | |
| Classification number | WO500 |
| Item number | D755 1969 TıpFak |
| 100 1# - MAIN ENTRY--PERSONAL NAME | |
| Personal name | Doğru, Mecit |
| Relator term | author |
| 9 (RLIN) | 143784 |
| 245 1# - TITLE STATEMENT | |
| Title | Ameliyat öncesi-ameliyat-ameliyat sonrası / |
| Statement of responsibility, etc. | Mecit Doğru. |
| 250 ## - EDITION STATEMENT | |
| Edition statement | Genişletilmiş 2.ed. |
| 264 #1 - PRODUCTION, PUBLICATION, DISTRIBUTION, MANUFACTURE, AND COPYRIGHT NOTICE | |
| Place of production, publication, distribution, manufacture | Ankara : |
| Name of producer, publisher, distributor, manufacturer | Başnur Matbaa, |
| Date of production, publication, distribution, manufacture, or copyright notice | 1969. |
| 300 ## - PHYSICAL DESCRIPTION | |
| Extent | xvi, 832 pages : |
| Other physical details | illustrations ; |
| Dimensions | 23 cm. |
| 336 ## - CONTENT TYPE | |
| Content type term | text |
| Content type code | txt |
| Source | rdacontent |
| 337 ## - MEDIA TYPE | |
| Media type term | unmediated |
| Media type code | n |
| Source | rdamedia |
| 338 ## - CARRIER TYPE | |
| Carrier type term | volume |
| Carrier type code | nc |
| Source | rdacarrier |
| 500 ## - GENERAL NOTE | |
| General note | Includes bibliographical references and index |
| 942 ## - ADDED ENTRY ELEMENTS (KOHA) | |
| Source of classification or shelving scheme | National Library of Medicine |
| Koha item type | Book |
| Withdrawn status | Lost status | Source of classification or shelving scheme | Not for loan | Collection code | Home library | Current library | Shelving location | Date acquired | Source of acquisition | Serial Enumeration / chronology | Inventory number | Total Checkouts | Full call number | Barcode | Date last seen | Copy number | Date shelved | Koha item type |
|---|---|---|---|---|---|---|---|---|---|---|---|---|---|---|---|---|---|---|
| National Library of Medicine | Ödünç Verilemez-Kurumiçi kullanım / Not for loan-For inhouse use | Tıp Koleksiyonu | Tıp Fakültesi Medikal Kütüphane | Tıp Fakültesi Medikal Kütüphane | Tıp Koleksiyonu / Medical Collection | 28/09/2023 | Bağış / Donation | 1 | TIP | WO 500 D755 1969 v.1 TıpFak | TF00909 | 28/09/2023 | 1 | 28/09/2023 | Book | |||
| National Library of Medicine | Ödünç Verilemez-Kurumiçi kullanım / Not for loan-For inhouse use | Tıp Koleksiyonu | Tıp Fakültesi Medikal Kütüphane | Tıp Fakültesi Medikal Kütüphane | Tıp Koleksiyonu / Medical Collection | 28/09/2023 | Bağış / Donation | 2 | TIP | WO 500 D755 1969 v.2 TıpFak | TF00910 | 28/09/2023 | 1 | 28/09/2023 | Book |
